000 00612nam a22001817a 4500
005 20251108165808.0
008 250721s1979 xx 000 0 ara d
082 1 4 _aم/349.5669/كوي
245 1 0 _aدليل الكويت اليوم :
_bالعدد السنوي (1977- ) /
264 1 _aالكويت :
_bوزارة التخطيط - مركز الكويت للمعلومات و الميكروفيلم،
_c1979.
300 _a670ص
650 1 7 _aالقانون
650 1 7 _aالأدلة
650 1 7 _aالكويت
710 2 _aالكويت . وزارة التخطيط
942 _2ddc
_cREF
999 _c31492
_d31492